MARC
| LEADER | 00000cam a2200000 a 4500 | ||
|---|---|---|---|
| 001 | 027452 | ||
| 003 | UAHC_CL | ||
| 005 | 20170803122818.0 | ||
| 008 | 121029b 000 | ||
| 040 | |a UAHC_CL |c UAHC_CL |d UAHC_CL | ||
| 245 | 1 | 0 | |a African drums. |
| 260 | |b Allegro |c 2010 |a China | ||
| 300 | |a 3 disco compactos (120 min. aprox.) | ||
| 650 | 4 | |a MUSICA | |
| 900 | |a CD-223 | ||
| 942 | |c BK | ||
| 952 | |0 0 |1 0 |4 0 |6 CD_223 |7 0 |8 Hemeroteca |9 54862 |a BS |b BS |c Hemeroteca |d 2017-08-03 |l 9 |m 5 |o CD-223 |p 1401603 |r 2024-06-03 00:00:00 |s 2024-05-06 |t 1 |w 2017-08-03 |y BK | ||
| 999 | |c 27452 |d 27452 | ||